000 00683nam a2200205Ii 4500
003 JO-AjNU
008 230605s9999||||xx |||||||||||||| ||und||
017 _a2006/8/2351
040 _aJO-AjNU
_bara
_erda
_cJO-AjNU
041 _aara
050 1 4 _aDS87.53.T34 2006
100 3 _aالتل، بلال حسن,
_eauthor
_935999
245 0 0 _aسقوط الوهم: تأملات في انتصارات حزب الله
264 3 1 _aعمان: المؤلف، 2006
300 _a131ص
336 _atext
_btxt
_2rdacontent
337 _aunmediated
_bn
_2rdamedia
338 _avolume
_bnc
_2rdacarrier
650 4 _aالمقالات- السياسة -الصحافة- - حزب الله
_936000
999 _aA14917
_c18485
_d18485